|
|
|
|
| LEADER |
00000cas a22000004a 4500 |
| 001 |
vtls001328357 |
| 003 |
SK-MaSNL |
| 005 |
20260228155704.0 |
| 008 |
980420d194119uuxo r p 0 0b0slo |
| 035 |
|
|
|a SNK000281180
|
| 040 |
|
|
|a SNK
|b slo
|c SNK
|e AACR2
|
| 041 |
0 |
|
|a slo
|
| 044 |
|
|
|a xo
|c SK
|
| 072 |
|
7 |
|a 355/359
|x Vojenstvo. Obrana krajiny. Ozbrojené sily
|2 konspekt
|
| 080 |
|
|
|a 355/359
|2 2011
|
| 080 |
|
|
|a 050
|2 2011
|
| 080 |
|
|
|a (051)-048.55
|2 2011
|
| 245 |
0 |
0 |
|a Vojenský obzor
|
| 260 |
|
|
|a Bratislava
|b Ministerstvo národnej obrany
|c [1941]
|
| 300 |
|
|
|a zv.
|
| 650 |
0 |
7 |
|a vojenstvo
|2 SNKPH
|9 22591
|
| 655 |
|
7 |
|a špecializované časopisy
|2 SNKPH
|9 70509
|
| 910 |
|
|
|a snk
|
| 999 |
|
|
|c 208
|d 208
|
| 952 |
|
|
|0 0
|1 0
|4 0
|7 0
|a SNK
|b SNK
|d 1998-04-20
|l 0
|o snkČSC 683/1/1941
|p 17A0135288
|r 2005-01-02 00:00:00
|t č. 1-3
|w 2026-02-21
|y PREZ
|